000 00736cam a2200241 a 4500
001 229
003 BR-CuiBMT
005 20231028175850.0
008 230904s2011 mgb 000 0 por d
020 _a9788577004393
040 _aBR-CuiBMT
_cBR-CuiBMT
080 _22007
_a342.736
090 _a342.736
_bD541s
100 1 _aDias, Tiago Bologna
245 1 0 _aSujeição passiva no mandado de segurança e a autoridade coatora /
_cTiago Bologna Dias ; prefácio Carolina Zancaner Zockun.
260 _aBelo Horizonte :
_bFórum,
_c2011.
300 _a186 p. ;
_c22 cm
504 _aInclui bibliografia.
650 _aMandado de segurança
650 _aDireito administrativo
650 _aDireito constitucional
942 _2udc
_cLV
999 _c229
_d229